• 首页
  • 本馆介绍
  • 公告通知
  • 最新文献
  • 馆藏检索
  • 电子资源
  • 读者导购
  • 参考咨询
  • 我的图书馆
  • 登录
  • 详细信息显示
  • 放入我的书架
  • 预约/预借图书
  • 作者相关作品
  • 分类相关作品
  • 丛书相关作品
  • 出版社相关作品

书目信息

  • 表格格式
  • 工作单格式
  • 卡片格式
题名:
圣贤论修养
    
 
作者: 王宗岐 主编 ;王宇飞 编译
分册:  
出版信息: 北京   北京工业大学出版社  2003
页数: 239页
开本: 20cm
丛书名: 圣贤论
单 册:
中图分类: I262 , B825
科图分类:
主题词: 古典散文 , 古典散文--中国--选集 , 伦理学
电子资源:
ISBN: 7-5639-1341-6
000 00995oam2 2200313 450
001 0962642113
005 20090929172519.46
010    @a7-5639-1341-6@dCNY25.00
100    @a20040331d2003 em y0chiy50 ea
101 0  @achi
102    @aCN@b110000
105    @ay z 000cy
106    @ar
200 1  @a圣贤论修养@f王宗岐主编@g王宗岐,王宇飞编译@Asheng xian lun xiu yang
210    @a北京@c北京工业大学出版社@d2003
215    @a239页@d20cm
225 0  @a圣贤论
308    @a丛书第一辑 本丛书名题:圣贤论系列
330    @a本书是中国古代圣贤讨论东方式智慧与修养的书,力求在忠于原文基础上用现代白话文进行编译,并简介他们生平。
461  0 @1001002531788
606 0  @a古典散文
606 0  @a古典散文@y中国@j选集
606 0  @a伦理学
690    @aI262@v4
690    @aB825@v4
701  0 @a王宗岐@c(编辑)@4主编@Awang zong qi
702  0 @a王宇飞@c(编辑)@4编译@Awang yu fei
801  0 @aCN@b大连网信软件有限公司图书馆·11@c20090929
905    @a10447@dB825@eJY169
    
    圣贤论修养/王宗岐主编/王宗岐,王宇飞编译.-北京:北京工业大学出版社,2003
    239页;20cm .-(圣贤论 )
    
    
    ISBN 7-5639-1341-6:CNY25.00
    本书是中国古代圣贤讨论东方式智慧与修养的书,力求在忠于原文基础上用现代白话文进行编译,并简介他们生平。
●
相关链接 在E读中查询图书 在五车中查询图书 在当当中查询图书 在豆瓣中查询图书


正题名:圣贤论修养     索取号:B825/JY169         预约/预借

序号 登录号 条形码 馆藏地/架位号 状态 备注
1 7829710   278297102   学院路分馆/ [索取号:B825/JY169] 在馆    
2 7829711   278297111   学院路分馆/ [索取号:B825/JY169] 在馆    
3 7829712   278297120   学院路分馆/ [索取号:B825/JY169] 在馆    
4 7829713   278297139   学院路分馆/ [索取号:B825/JY169] 在馆    
唐山师范学院图书馆 欢迎您!
大连网信软件有限公司© 版权所有